000
00225nam a22000857a 4500
008
160701b xxu||||| |||| 00| 0 eng d
100
_9
1662
_a
Dreamland Publication
245
_a
The Magic Tinder Box
260
_a
New delhi
_b
M/S Arya
999
_c
1381
_d
1381